Statystyki dla Piłkarze Arsenal'u

Kliknij tutaj aby rozwiązać quiz!

Ogólne statystyki

  • Ten quiz został rozwiązany 247 razy
    (141 od ostatniego zresetowania)
  • Średni wynik to 20 z 26

Statystyki odpowiedzi

PiłkarzPaństwoPozycja% Poprawnych
Jakub KiwiorPolskaObrońca
95%
Martin ØdegaardNorwegiaPomocnik
93%
Bukayo SakaAngliaNapastnik
92%
Gabriel JesusBrazyliaNapastnik
92%
William SalibaFrancjaObrońca
91%
Gabriel MagalhãesBrazyliaObrońca
90%
David RayaHiszpaniaBramkarz
87%
Gabriel MartinelliBrazyliaNapastnik
87%
Oleksandr ZinchenkoUkrainaObrońca
87%
Aaron RamsdaleAngliaBramkarz
86%
Thomas ParteyGhanaPomocnik
83%
JorginhoWłochyPomocnik
81%
Ben WhiteAngliaObrońca
79%
Takehiro TomiyasuJaponiaObrońca
79%
Kai HavertzNiemcyPomocnik
77%
Declan RiceAngliaPomocnik
75%
Jurrien TimberHolandiaObrońca
75%
Leandro TrossardBelgiaNapastnik
72%
Mohamed ElnenyEgiptPomocnik
69%
Eddie NketiahAngliaNapastnik
68%
Cédric SoaresPortugaliaObrońca
61%
Emile Smith RoweAngliaPomocnik
58%
Fábio VieiraPortugaliaPomocnik
58%
Reiss NelsonAngliaNapastnik
53%
Karl HeinEstoniaBramkarz
50%
MarquinhosBrazyliaNapastnik
35%

Rozkład punktacji

Percentyl według liczby udzielonych odpowiedzi

Procent ludzi z każdym wynikiem

Twoja historia wyników

Nie rozwiązałeś tego quizu od ostatniego zresetowania